| Tag |
First Indicator |
Second Indicator |
Subfields |
| LEADER |
00000cam a22000001i 4500 |
| 001 |
in00003923213 |
| 006 |
m d f |
| 007 |
cr bn mmmapmmp |
| 008 |
420803s1942 dcu o f000 0 eng d |
| 005 |
20250210233914.4 |
| 035 |
|
|
|a ebd19401423501
|
| 040 |
|
|
|a UMI
|c UMI
|e rda
|d UtOrBLW
|
| 086 |
0 |
|
|a A 1.36:792
|
| 099 |
|
|
|a A1.36..792
|
| 110 |
1 |
|
|a United States.
|b Bureau of Plant Industry.
|0 http://id.loc.gov/authorities/names/n80145310
|
| 245 |
1 |
0 |
|a Investigations on cause and control of biennial bearing of apple trees.
|
| 264 |
|
1 |
|a [Washington] :
|b [s.n.],
|c 1942.
|
| 300 |
|
|
|a 1 online resource (59 pages), digital, PDF file
|
| 336 |
|
|
|a text
|b txt
|2 rdacontent
|
| 337 |
|
|
|a computer
|b c
|2 rdamedia
|
| 338 |
|
|
|a online resource
|b cr
|2 rdacarrier
|
| 500 |
|
|
|a Includes tables and illustrations.
|
| 533 |
|
|
|a Electronic reproduction.
|b [Bethesda, Md.] :
|c ProQuest,
|d 2016
|e digital, PDF file.
|n ProQuest U.S. Executive Branch Documents
|n Mode of access: World Wide Web via ProQuest website.
|
| 588 |
|
|
|a Record is based on online resource; title from PDF title page (ProQuest, last viewed Nov. 2016). Reuse except for individual research requires license from ProQuest, LLC.
|
| 650 |
|
0 |
|a Apples.
|0 http://id.loc.gov/authorities/subjects/sh85006106
|
| 650 |
|
0 |
|a Agricultural productivity.
|0 http://id.loc.gov/authorities/subjects/sh85002401
|
| 651 |
|
0 |
|a Washington (State)
|0 http://id.loc.gov/authorities/names/n79027224
|
| 651 |
|
0 |
|a Wenatchee (Wash.)
|0 http://id.loc.gov/authorities/names/n82116607
|
| 856 |
4 |
0 |
|u http://proxy.library.tamu.edu/login?url=http://congressional.proquest.com/congressional/docview/t66.d71.a1.36..792?
|y Electronic resource (PDF)
|t 0
|
| 999 |
f |
f |
|s 9e87c808-b4a5-36ce-909e-dea138db17e8
|i 554634d7-f24b-390a-9f18-18262df9745c
|t 0
|
| 952 |
f |
f |
|a Texas A&M University
|b College Station
|c Electronic Resources
|d Available Online
|t 0
|h No information provided
|
| 998 |
f |
f |
|t 0
|l Available Online
|